| 000 | 00973nam a2200265 i 4500 | ||
|---|---|---|---|
| 001 | 80525 | ||
| 003 | ES-MaACL | ||
| 005 | 20240604103702.0 | ||
| 007 | t| | ||
| 008 | 041028s1986 sp f 01110dspa d | ||
| 020 | _a84-398-6970-3 | ||
| 080 | _a929 Tierno Galván, Enrique:061.75 | ||
| 245 | 0 | 0 |
_aHomenaje a Enrique Tierno Galván : _b7 de marzo de 1986 / _ccoordinador de la ed. Antonio Porpetta. |
| 250 | _a1ª ed. | ||
| 260 |
_aMadrid : _bAsociación de Escritores y Artistas Españoles, _c1986. |
||
| 300 |
_a50 p. : _bil. ; _c24 cm. |
||
| 490 | 1 |
_aColección Eugenio d'Ors ; _v2 |
|
| 600 | 1 | 4 |
_aTierno Galván, Enrique, _d1918-1986- _vHomenajes _9173684 |
| 700 | 1 |
_aTierno Galván, Enrique, _d1918-1986 _9110235 |
|
| 700 | 0 |
_aPorpetta, Antonio, _d1936-2023 _993136 |
|
| 710 | 2 |
_aAsociación de Escritores y Artistas Españoles. _91585 |
|
| 830 | 1 |
_aColección Eugenio d'Ors ; _v2 _9178377 |
|
| 852 |
_aES-MaACL _j2139-F-1 |
||
| 999 |
_c80525 _d80525 |
||